Biggest Cities of Polynesia - Statistics

General Stats
  • This quiz has been taken 9 times
  • The average score is 4 of 12
Answer Stats
Country/ Territory City % Correct
French Polynesia Papeete
100%
Samoa Apia
67%
Tonga Nuku'alofa
56%
French Polynesia Faaa
44%
Cook Islands Avarua
33%
American Samoa Pago Pago
33%
French Polynesia Pirae
11%
French Polynesia Punaauia
11%
French Polynesia Mahina
0%
French Polynesia Paea
0%
French Polynesia Papao
0%
American Samoa Tafuna
0%
No matching quizzes found
Score Distribution
Percent of People with Each Score
Percentile by Number Answered
Your Score History
You have not taken this quiz